History Quiz

Random History or Year Quiz

This Day in History: October Quiz Stats

 Plays Quiz Updated Nov 28, 2011

Challenge
Share
Tweet
Embed
Score 0/31 Timer 07:00
0 Plays Today
Day Answer % Correct
Oct 7Afghanistan
89.5%
Oct 28France
89.1%
Oct 4Sputnik I
84.9%
Oct 24United Nations
84.4%
Oct 13Chile
83.9%
Oct 8Chicago
82.7%
Oct 3Germany
81.9%
Oct 29Great Depression
81%
Oct 27Amsterdam
76.6%
Oct 16Marie Antoinette
73.7%
Oct 23Brutus
71%
Oct 30Quebec
69.5%
Oct 17OPEC
68.7%
Oct 9Che Guevara
64.1%
Oct 1Francisco Franco
63.6%
Oct 2Charles Darwin
63.3%
Day Answer % Correct
Oct 11South Africa
62.2%
Oct 31Protestant Reformation
60.1%
Oct 5Dalai Lama
60.1%
Oct 21Battle of Trafalgar
59.6%
Oct 14Cuban Missile Crisis
57.8%
Oct 26Erie Canal
56.2%
Oct 18Alaska
54.5%
Oct 6Anwar Sadat
48.5%
Oct 20Douglas MacArthur
47.6%
Oct 25Charge of the Light Brigade
46.2%
Oct 15Mata Hari
42%
Oct 12Bahamas
40.5%
Oct 19Yorktown
38%
Oct 22Jean-Paul Sartre
25.8%
Oct 10Battle of Tours
13.4%

You're not logged in!

Compare scores with friends on all Sporcle quizzes.
Join for Free
OR
Log In

You Might Also Like...

Show Comments

Extras

Top Quizzes Today


Score Distribution

Your Account Isn't Verified!

In order to create a playlist on Sporcle, you need to verify the email address you used during registration. Go to your Sporcle Settings to finish the process.

Report this User

Report this user for behavior that violates our Community Guidelines.

Details: